Marcatori dell'Atalanta in UEFA Europa League 2017-2018 - Statistics

Statistiche generali
  • Questo quiz è stato fatto 14 volte
  • Il punteggio medio è 13 su 17
Statistiche sulle risposte
Partita Minuto Marcatore % Corretto
Atalanta - Everton 3-0 41' Alejandro Gómez
100%
Olympique Marsiglia - Atalanta 1-1 57' Alejandro Gómez
100%
Atalanta - Apollōn Limassol 3-1 12' Josip Iličić
100%
Apollōn Limassol - Atalanta 1-1 35' Josip Iličić
100%
Borussia Dortmund - Atalanta 3-2 51' Josip Iličić
100%
Borussia Dortmund - Atalanta 3-2 56' Josip Iličić
100%
Atalanta-Borussia Dortmund 1-1 11' Rafael Tolói
83%
Atalanta - Apollōn Limassol 3-1 66' Remo Freuler
83%
Everton - Atalanta 1-5 86' Robin Gosens
75%
Atalanta - Apollōn Limassol 3-1 64' Andrea Petagna
67%
Atalanta - Olympique Lione 1-0 10' Andrea Petagna
67%
Atalanta - Everton 3-0 27' Andrea Masiello
50%
Everton - Atalanta 1-5 88' Andreas Cornelius
50%
Everton - Atalanta 1-5 94' Andreas Cornelius
50%
Atalanta - Everton 3-0 44' Bryan Cristante
50%
Everton - Atalanta 1-5 12' Bryan Cristante
50%
Everton - Atalanta 1-5 64' Bryan Cristante
50%
Nessun quiz corrispondente trovato
Distribuzione punteggi
Percentuale di utenti per punteggio
Percentile per numero di risposta
I tuoi punteggi nel tempo
Non hai fatto questo quiz